000
00335nam a2200145Ia 4500
008
150201s2005 xx 000 0 und d
082
_a
610.73
_b
F2005P
100
_a
POTTER,PATRICIA
245
_a
FUNDAMENTALS OF NURSING
250
_a
6TH
260
_b
MOSBY
_a
DELHI
_c
2005
300
_a
1-1730
650
_a
NURSING
942
_2
ddc
_c
BK
999
_c
4017
_d
4017